Searching in trees, series - parallel and interval orders

Uložené v:
Podrobná bibliografia
Médium: Kniha
Jazyk:English
Vydavateľské údaje: Bonn Institut für Ökonometrie und Operations Research 1984
Vydanie:1. ed.
Edícia:Report no. 84320 - OR
Tagy: Pridať tag
Žiadne tagy, Buďte prvý, kto otaguje tento záznam!

MARC

LEADER 00000nam a2200000 4500
001 c114612
005 20221220085648.3
041 0 |a eng 
044 |a DE 
245 1 0 |a Searching in trees, series - parallel and interval orders 
250 |a 1. ed. 
264 1 |a Bonn  |b Institut für Ökonometrie und Operations Research  |c 1984 
300 |a 18 s. 
490 1 |a Report  |v no. 84320 - OR 
830 0 |a Report  |v no. 84320 - OR